| 000 | 00506cam a22001451 4500 | ||
|---|---|---|---|
| 082 |
_a355.00941 _bMAC _cD |
||
| 100 | 1 |
_aMacMunn, George Fletcher, _949474 |
|
| 245 | 1 | 0 |
_aBehind the scenes in many wars, _bbeing the military reminiscences of Lieut.-General Sir George MacMunn. |
| 260 |
_aLondon, _bJ. Murray _c[1930] |
||
| 300 |
_aix, 370 p. _bfront. (port.) plates, maps, _c23 cm. |
||
| 526 |
_a0 _b0 _c0 _d355_009410000000000_MAC |
||
| 650 | 0 |
_aGenerals _zGreat Britain |
|
| 650 | 0 |
_aMCE _9379 |
|
| 942 |
_2ddc _cBK |
||
| 999 |
_c552252 _d552252 |
||